LIBRARY & INFORMATION CENTRE, KCAET, TAVANUR

ONLINE PUBLIC ACCESS CATALOGUE (OPAC)

Application of atmospheric pressure cold plasma on the quality attributes of finger millets / (Record no. 19322)

MARC details
000 -LEADER
fixed length control field 00407nam a22001337a 4500
003 - CONTROL NUMBER IDENTIFIER
control field OSt
082 ## - DEWEY DECIMAL CLASSIFICATION NUMBER
Classification number 664
Item number ARS/AP
088 ## - REPORT NUMBER
Report number T 632
100 ## - MAIN ENTRY--AUTHOR NAME
Personal name Arsha Sugathan
245 ## - TITLE STATEMENT
Title Application of atmospheric pressure cold plasma on the quality attributes of finger millets /
260 ## - PUBLICATION, DISTRIBUTION, ETC. (IMPRINT)
Place of publication Tavanur :
Name of publisher Department of Processing & Food Engineering
Year of publication 2024
700 ## - ADDED ENTRY--PERSONAL NAME
Personal name Sudheer K. P (Guide)
942 ## - ADDED ENTRY ELEMENTS (KOHA)
Koha item type Theses
Holdings
Collection code Home library Current library Full call number Accession Number Koha item type Public note
Reference KAUAET KAUAET 664 ARS/AP T 632 Theses M.Tech Thesis
free website counter